Pastoral Leadership in Relation to Pay Lay Chi (Taw Bya Gyi) Karen Baptist Church (Record no. 10941)

MARC details
000 -LEADER
fixed length control field 00668nam a2200241 a 4500
001 - CONTROL NUMBER
control field 0001-0941
003 - CONTROL NUMBER IDENTIFIER
control field ELIB.Books
008 - FIXED-LENGTH DATA ELEMENTS--GENERAL INFORMATION
fixed length control field 140908 2010 eng
020 ## - INTERNATIONAL STANDARD BOOK NUMBER
International Standard Book Number KBTS
035 ## - SYSTEM CONTROL NUMBER
System control number (ELIB.Books)0001-1095
092 ## - LOCALLY ASSIGNED DEWEY CALL NUMBER (OCLC)
Classification number Thesis
Item number Edd
100 ## - MAIN ENTRY--PERSONAL NAME
Personal name Eddie Lonle, Saw
245 ## - TITLE STATEMENT
Title Pastoral Leadership in Relation to Pay Lay Chi (Taw Bya Gyi) Karen Baptist Church
260 ## - PUBLICATION, DISTRIBUTION, ETC. (IMPRINT)
Place of publication, distribution, etc. KBTS; Insein
Name of publisher, distributor, etc. Karen Baptist Theological Seminary
Date of publication, distribution, etc. 2013
300 ## - PHYSICAL DESCRIPTION
Dimensions 29.7 Cm
500 ## - GENERAL NOTE
General note Eddie Lonle, Saw
650 ## - SUBJECT ADDED ENTRY--TOPICAL TERM
Topical term or geographic name as entry element Thesis
856 ## - ELECTRONIC LOCATION AND ACCESS
Name of location of host KBTS; Library
Uniform Resource Identifier <a href="KBTS; Elib.">KBTS; Elib.</a>
942 ## - ADDED ENTRY ELEMENTS (KOHA)
Source of classification or shelving scheme Dewey Decimal Classification
Koha item type Books
990 ## - EQUIVALENCES OR CROSS-REFERENCES [LOCAL, CANADA]
Link information for 9XX fields 1
998 ## - LOCAL CONTROL INFORMATION (RLIN)
Cataloger's initials, CIN (RLIN) bat
-- 2014-09-08
Holdings
Withdrawn status Lost status Source of classification or shelving scheme Damaged status Not for loan Home library Current library Date acquired Total Checkouts Barcode Date last seen Bill Date Koha item type
    Dewey Decimal Classification     Karen Baptist Theological Seminary Library Karen Baptist Theological Seminary Library 08/09/2014   2-2013 D.Min 22/01/2022 22/01/2022 Books
Implemented & Customized by: BestBookBuddies

Powered by Koha